5-Letter Geo Blast Pairs Quiz Stats

 Plays Quiz Updated Jul 22, 2017

Support Sporcle.
Go Orange.
Score 0/12 Timer 02:00
5 Plays Today
Hint Answer % Correct
5- Letter CountryYemen
95.9%
5- Letter CountryQatar
94.9%
5- Letter CountryHaiti
85.9%
5- Letter CountryKenya
75.9%
5- Letter CapitalQuito
69.4%
5- Letter CountryLibya
68%
5- Letter CountryMalta
67.8%
5- Letter CapitalHanoi
60.6%
5- Letter CapitalYaren
34.4%
5- Letter CapitalKabul
29.5%
5- Letter CapitalMinsk
25.6%
5- Letter CapitalLa Paz
16%

You're not logged in!

Compare scores with friends on all Sporcle quizzes.
OR
Log In
Forgot?

From the Vault

Franklin or Edison?

by Magnavox

These two men are credited with many discoveries, but the inventor of knock-knock jokes won a no-bell prize.
Remove Ads.
Support Sporcle.
Get the best of Sporcle when you Go Orange. This ad-free experience offers more features, more stats, and more fun while also helping to support Sporcle. Thank you for becoming a member.

Show Comments

Extras

Top Quizzes Today


Score Distribution

Your Account Isn't Verified!

In order to create a playlist on Sporcle, you need to verify the email address you used during registration. Go to your Sporcle Settings to finish the process.

Report this User

Report this user for behavior that violates our Community Guidelines.

Details: